Dynamics HTML (Record no. 24023)
[ view plain ]
| 000 -LEADER | |
|---|---|
| fixed length control field | 00301nam a2200157Ia 4500 |
| 082 ## - DEWEY DECIMAL CLASSIFICATION NUMBER | |
| Classification number | 5.133 |
| Item number | RUL |
| 100 ## - MAIN ENTRY--PERSONAL NAME | |
| Personal name | Rule/ Jeff |
| 250 ## - EDITION STATEMENT | |
| Edition statement | 1 |
| 245 ## - TITLE STATEMENT | |
| Title | Dynamics HTML |
| 260 ## - PUBLICATION, DISTRIBUTION, ETC. | |
| Name of publisher, distributor, etc. | Addison Wesly |
| Date of publication, distribution, etc. | 1999 |
| 300 ## - PHYSICAL DESCRIPTION | |
| Extent | 265 |
| 546 ## - LANGUAGE NOTE | |
| Language note | ENGLISH |
| 654 ## - SUBJECT ADDED ENTRY--FACETED TOPICAL TERMS | |
| Focus term | Computer |
| 942 ## - ADDED ENTRY ELEMENTS (KOHA) | |
| Koha item type | BOOK |
| Withdrawn status | Lost status | Damaged status | Not for loan | Collection | Home library | Current library | Date acquired | Inventory number | Total Checkouts | Full call number | Barcode | Date last seen | Price effective from | Koha item type |
|---|---|---|---|---|---|---|---|---|---|---|---|---|---|---|
| CRC | Fr. Agnel's C.Rodrigues College of Engineering | Fr. Agnel's C.Rodrigues College of Engineering | 17/03/2023 | 3666 | 5.133 RUL | 11461 | 17/03/2023 | 17/03/2023 | BOOK |